Draymond Green Quiz - Statistics

General Stats
  • This quiz has been taken 37 times
  • The average score is 4 of 10
Answer Stats
Player % Correct
Rudy Gobert
83%
Jordan Poole
77%
Domantas Sabonis
67%
Jusuf Nurkic
60%
Lebron James
57%
Steven Adams
40%
James Harden
20%
Anthony Davis
10%
Kawhi Leonard
7%
Marcus Smart
7%
No matching quizzes found
Score Distribution
Percent of People with Each Score
Percentile by Number Answered
Your Score History
You have not taken this quiz